000 00468nam a2200181Ia 4500
008 240925s9999 xx 000 0 und d
020 _a8170292808
082 _a510 WIL
100 _aWilton, Rex
245 0 _aMathematics for Computer Students
250 _aNA
260 _aNew Delhi:
_bBPB Publication
_c,1994.
300 _axi,265p.
_bNA
_fOriginal
500 _aIncludes Index
600 _aHumanities & Natural Science
650 _aMathematics
942 _cBK
999 _c2627
_d2627